000
00230nmm a2200085Ia 4500
008
220120s9999||||xx |||||||||||||||||und||
100
_a
Digit
245
0
_a
Multimedia ; z matrix 1.5.2 ; internet my jobber instaqnat m
260
_c
2005
999
_c
138527
_d
138527